Statistics for Countries, who is my neighbours neighbour? France

Click here to take the quiz!

General Stats

  • This quiz has been taken 288 times
    (183 since last reset)
  • The average score is 10 of 11

Answer Stats

Answer% Correct
Portugal
99%
Poland
97%
Austria
96%
Netherlands
96%
Denmark
94%
San Marino
90%
Vatican City
89%
Slovenia
88%
Czech Republic
85%
Liechtenstein
83%
Morocco
53%

Score Distribution

Percentile by Number Answered

Percent of People with Each Score

Your Score History

You have not taken this quiz since the last reset